She-Ra Characters By Picture - Statistics

General Stats
  • This quiz has been taken 274 times
  • The average score is 13 of 16
Answer Stats
Picture Answer % Correct
Catra
100%
Adora
99%
Bow
97%
Glimmer
96%
Entrapta
94%
Mermista
91%
Hordak
87%
Scorpia
87%
Double Trouble
86%
Shadow Weaver
84%
Seahawk
80%
Perfuma
79%
Netossa
73%
Swift Wind
71%
Lonnie
65%
Madame Razz
50%
No matching quizzes found
Score Distribution
Percent of People with Each Score
Percentile by Number Answered
Your Score History
You have not taken this quiz